00602cam a22002051i 450000100060000000300080000600500170001400800410003103500190007203500190009104000370011004100080014708200130015510000220016824500900019026000470028030000250032765000180035265000260037031694BD-RjUL20211209051734.0140421s1955 af 000 0 eng d a(BD-RjUL)31782 a(OCoLC)1834219 aDLCcDGWdDGWdDLCdBD-RjULbeng aeng00bESH 19551 aEschini, Eschilo.10aHow are the dead raised up? and why Western civilization is doomed/c Eschilo Eschini aCape Town :c1955.bUnion Of South Africa, avi, 152 p. ;c22 cm. 0aResurrection. 0aReligion and science.